=LDR 00000nam 2200000 4500 =001 NUTBA000000000004561 =005 20140917092604.0 =006 =007 =008 =035 ##$$a 0010-091400000000594 =040 ##$$a NBPDMAT =082 ##$$a 372.35 =084 ##$$a 372.35 Hid r =100 ##$$a T.Hidayat =245 ##$$a Rangukman Sains Lengkap RPAL untuk SD kelas 4,5 dan 6 / $c T.Hidayat =250 ##$$a Cet. 1 =260 ##$$a Surabaya : Pustaka Agung Harapan, $c 2010 =300 ##$$a 240 hlm. : $b ilus. ; $c 21 cm. =650 ##$$a SAINS SD =990 ##$$a 21410062 =990 ##$$a 0001/BPAP-NTB/20142014 =990 ##$$a 0001/BPAP-NTB/20142014 =990 ##$$a 0001/BPAP-NTB/20142014 =990 ##$$a 0001/BPAP-NTB/20142014 =990 ##$$a 0001/BPAP-NTB/20142014